Memoria de la gestión corporativa de la excma. diputación provincial de Barcelona del año 1964.
Descripción Física:
v. ; 30 cm ; 12cm
MARC
| LEADER | 00000nam a2200000Ia 4500 | ||
|---|---|---|---|
| 001 | 8619 | ||
| 003 | Arxiu | ||
| 008 | 160829s1984 - xx 000 0 cat d | ||
| 080 | |a Memòries. | ||
| 110 | 1 | |a Barcelona (Catalunya : Província). |b Diputació |9 52408 | |
| 240 | |a Memòria 1964 | ||
| 245 | |a Memoria de la gestión corporativa de la excma. diputación provincial de Barcelona del año 1964. | ||
| 260 | |a Barcelona : |b Diputació. Presidència, |c 1964. | ||
| 300 | |a v. ; |c 30 cm ; |c 12cm | ||
| 650 | 0 | |a Barcelona (Catalunya : Província). Diputació |x Memòries |9 23006 | |
| 710 | 1 | |a Barcelona (Catalunya : Província). |b Diputació |9 52408 | |
| 710 | 1 | |a Catalunya. |b Diputació Provincial |9 54288 | |
| 856 | |u https://www.diba.cat/documents/94831/366392651/1964_baixa.pdf/e0f0af76-6e24-d476-26c6-fbb80af70821?t=1648207479129 |z bib_8619_1964.pdf | ||
| 900 | |a bib_8619_1964_baixa.pdf | ||
| 901 | |a Arxiu | ||
| 942 | |n 1 |2 udc |c ARXIU | ||
| 952 | |0 0 |1 0 |4 0 |6 MEMÒRIES |7 1 |9 63653 |a Arxiu |b Arxiu |d 2022-08-30 |l 0 |o Memòries |p 8619 |r 2022-08-30 00:00:00 |w 2022-08-30 |y ARXIU |z Digitalitzat | ||
| 999 | |c 80622 |d 80622 | ||